000 00552nam a2200229Ia 4500
005 20250425162800.0
008 250425s9999 xx 000 0 und d
020 _a8427108729
041 _aspa
043 _asp
082 _a503
100 _aCAZENEUVE, JEAN
245 0 _aDICCIONARIOS DEL SABER MODERNO : LA SOCIOLOGÍA
250 _a1A ED.
260 _aBILBAO
260 _aEspaña
_bEDICIONES MENSAJERO
_c1975
300 _a618
650 _aENCICLOPEDIAS Y DICCIONARIOS
650 _aSOCIOLOGIA
942 _c01
010 _a108369
999 _c236338
_d236338